| 000 | 00627nam a22002057a 4500 | ||
|---|---|---|---|
| 005 | 20260409152117.0 | ||
| 008 | 260409b |||||||| |||| 00| 0 eng d | ||
| 020 | _a9789354660924 | ||
| 040 | _cAL | ||
| 041 | _aEnglish | ||
| 082 |
_a004.16 _bKANM |
||
| 100 |
_aA Nagoor Kani _9261192 |
||
| 245 | _aMicroprocessors and microcontrollers | ||
| 250 | _a3 | ||
| 260 |
_aNew Delhi _bCBS publishers and distributors Pvt Ltd _c2023 |
||
| 300 |
_a987 p. _bPB _c24x17 cm. |
||
| 365 |
_aVBI-2645 _b₹618.75 _c₹ _d₹825.00 _e25% _f20-02-2026 |
||
| 650 |
_aIncludes 8085 microprocessor,8086 microprocessor _9261181 |
||
| 942 |
_2ddc _cBK |
||
| 999 |
_c241203 _d241203 |
||